Les pays d'Asie dans leur langue d'origine - Statistiques

Statistiques générales
  • Ce quiz a été pris 54 fois
    43 depuis la dernière actualisation
  • Le résultat moyen est 34 sur 48
Statistiques - réponses
Hint Réponse % Correct
Azərbaycan Azerbaïdjan
100%
Brunei Brunei
91%
Indonesia Indonésie
91%
Malaysia Malaisie
91%
Timor-Leste Timor oriental
91%
Türkmenistan Turkménistan
91%
Türkiye Turquie
91%
Việt Nam Viêt Nam
91%
Singapore Singapour
88%
Pilipinas Philippines
85%
中国 Chine
82%
북조선 Corée du Nord
82%
대한민국 Corée du Sud
82%
日本 Japon
82%
العربيّة السّعودية Arabie saoudite
79%
افغانستان Afghanistan
76%
भारत Inde
76%
Қазақстан Kazakhstan
74%
বাংলাদেশ Bangladesh
71%
Հայաստան Arménie
68%
البحرين Bahreïn
68%
ព្រះរាជាណាចក្រកម្ពុជា Cambodge
68%
العراق‎‎ Irak
68%
ايران Iran
68%
الأردن Jordanie
68%
Кыргызстан Kirghizistan
68%
Ўзбекистон Ouzbékistan
68%
中華民國 Taïwan
68%
འབྲུག་ཡུལ་ Bhoutan
65%
יִשְׂרָאֵל Israël
65%
ประเทศไทย Thaïlande
65%
ဗမာ / မြန်မာ Birmanie
62%
الكويت Koweït
62%
ປະເທດລາວ Laos
62%
عمان Oman
62%
Росси́я Russie
62%
ශ්‍රී ලංකා / இலங்கை Sri Lanka
62%
Тоҷикистон Tadjikistan
62%
اليَمَن Yémen
62%
پاکِستان Pakistan
59%
الإمارات العربية المتحدة Émirats arabes unis
56%
नेपाल Népal
56%
قطر Qatar
56%
საქართველო Géorgie
53%
لبنان Liban
50%
ދިވެހި Maldives
50%
ᠮᠣᠩᠭᠣᠯ ᠤᠯᠤᠰ Mongolie
50%
سوريا Syrie
50%
Aucun quiz correspondant
Distribution des résultats
% des personnes avec chaque résultat
Percentile par nombre de réponses
Votre historique - résultats
Vous n’avez pas pris ce quiz depuis la dernière actualisation